000 00625nam a2200205 u 4500
005 20240229063555.0
008 160210s2007 r 000 0 eng d
020 _a9789876020497
035 _aUPN01000208098
049 _aI
050 4 _aPZ78
_bA5.24
100 1 _aAndruetto, María Teresa,
_d1954-
_931102
245 1 0 _aAgua/cero /
_cMaría Teresa Andruetto ; il. de Guillermo Daghero.
260 _aCórdoba, Arg. :
_bComunicarte,
_c2007.
300 _a[26] p. :
_bil.
440 0 _aBicho bolita
650 4 _aLiteratura infantil argentina
_97511
650 4 _aLibros y lectura para niños
_92290
905 _aInfantil
999 _c180199
_d180199